000 00552nam a2200229Ia 4500
003 OSt
005 20220916111036.0
006 a|||||r|||| 00| 0
007 ta
008 220915b |||||||| |||| 00| 0 eng d
024 _a126623
037 _cTextbook
040 _beng
_aARTS
_cARTS
041 _aeng
082 _aV67CC:1:D4, B8
100 _aChurch A J
245 0 _aCarthage or the empire of Afirca
260 _c1818
650 _aHISTORY
942 _hV67CC:1:D4, B8
_cTB
_2CC
999 _c104287
_d104287